000 00977nam a22002657a 4500
005 20230203102900.0
008 230203b ||||| |||| 00| 0 eng d
020 _a033390298X
040 _cAL
041 _aeng
082 _223
_a954
_bMAJA
100 _aR C Majumdar and others
_970749
245 _aAdvanced history of India
250 _a4
260 _aBangalore
_bMacmillan India Limited
_c1988
300 _axiii,1149p.
_bPB
_c21x13cm.
520 _aAn Advanced History of India, published by Macmillan, is very authentic book on Indian history .The primary intended of the textbook is to meet the requirements of the advanced students who have already an acquaintance with the board outlines of the subject.
650 _aVedic Civilisation
_970750
650 _aMayura Empire
_970751
650 _aGupta Empire
_970752
700 _aMAJUMDAR (R C)
_970753
700 _aRAYCHAUDHURI (H C)
_970754
700 _aDATTA (Kalikinkar)
_970755
942 _2ddc
_cDB
999 _c226558
_d226558